| 000 | 00476nam a2200205Ia 4500 | ||
|---|---|---|---|
| 003 | OSt | ||
| 005 | 20251209120943.0 | ||
| 008 | 250729s1923 xx 000 0 und d | ||
| 020 | _a978-0912141312 | ||
| 040 | _cAL | ||
| 041 | _aeng | ||
| 082 | _a158.1 SMIT | ||
| 100 |
_aSmith F Judith _9226262 |
||
| 245 | _aTraining of the will | ||
| 260 |
_aLondon _c1923 |
||
| 300 | _a60p | ||
| 650 |
_aPsychology _9226263 |
||
| 700 |
_aRao Digumurthi _9226264 |
||
| 942 |
_2ddc _cBED |
||
| 999 |
_c237238 _d237238 |
||